|
|
|
|
| LEADER |
00000nam0a2200000 4500 |
| 001 |
236119 |
| 005 |
20231216114630.0 |
| 035 |
|
|
|a (RuTPU)RU\TPU\book\257267
|
| 090 |
|
|
|a 236119
|
| 100 |
|
|
|a 20130419d2012 m y0rusy50 ca
|
| 101 |
0 |
|
|a rus
|
| 102 |
|
|
|a RU
|
| 105 |
|
|
|a a j 001zy
|
| 200 |
1 |
|
|a Теоретические основы охраны окружающей среды
|e учебное пособие для вузов
|f О. Г. Савичев
|g Национальный исследовательский Томский политехнический университет (ТПУ)
|
| 210 |
|
|
|a Томск
|c Изд-во ТПУ
|d 2012
|
| 215 |
|
|
|a 125 с.
|c ил.
|
| 320 |
|
|
|a Библиогр.: с. 114-122.
|
| 330 |
|
|
|a В пособии рассмотрены цели, задачи, объекты и методы охраны окружающей среды в Российской Федерации. Изложены вопросы методологии и методики решения экологических проблем, принципы и подходы к их решению. Охарактеризованы основные методы охраны окружающей среды. Предназначено для студентов вузов, обучающихся по направлению 280100 «Природообустройство и водопользование», и специалистов в области природообустройства, водного хозяйства, геоэкологии, гидрологии, гидрогеологии, гидрохимии.
|
| 606 |
1 |
|
|a Охрана окружающей среды в целом
|2 stltpush
|3 (RuTPU)RU\TPU\subj\38949
|9 59193
|
| 610 |
1 |
|
|a экосистемы
|
| 610 |
1 |
|
|a геосистемы
|
| 610 |
1 |
|
|a геосферы
|
| 610 |
1 |
|
|a окружающая среда
|
| 610 |
1 |
|
|a охрана
|
| 610 |
1 |
|
|a антропогенные воздействия
|
| 610 |
1 |
|
|a мониторинг
|
| 610 |
1 |
|
|a государственные реестры
|
| 610 |
1 |
|
|a природные ресурсы
|
| 610 |
1 |
|
|a водные ресурсы
|
| 610 |
1 |
|
|a нормирование
|
| 610 |
1 |
|
|a нормативы
|
| 610 |
1 |
|
|a расчеты
|
| 610 |
1 |
|
|a допустимые выбросы
|
| 610 |
1 |
|
|a экологическая безопасность
|
| 610 |
1 |
|
|a методы
|
| 610 |
1 |
|
|a ресурсосберегающие технологии
|
| 610 |
1 |
|
|a инвестиционные проекты
|
| 610 |
1 |
|
|a экологическое проектирование
|
| 610 |
1 |
|
|a экологический надзор
|
| 610 |
1 |
|
|a экологический контроль
|
| 610 |
1 |
|
|a экологическая культура
|
| 610 |
1 |
|
|a водоохранные зоны
|
| 610 |
1 |
|
|a санитарно-защитные зоны
|
| 610 |
1 |
|
|a особо охраняемые природные территории
|
| 610 |
1 |
|
|a экологические катастрофы
|
| 610 |
1 |
|
|a последствия
|
| 610 |
1 |
|
|a мелиорация
|
| 610 |
1 |
|
|a рекультивация
|
| 610 |
1 |
|
|a берегоукрепление
|
| 610 |
1 |
|
|a русла
|
| 610 |
1 |
|
|a расчистка
|
| 610 |
1 |
|
|a сточные воды
|
| 610 |
1 |
|
|a очистка
|
| 610 |
1 |
|
|a государственное управление
|
| 610 |
1 |
|
|a Российская Федерация
|
| 610 |
1 |
|
|a учебные пособия
|
| 610 |
1 |
|
|a труды учёных ТПУ
|
| 675 |
|
|
|a 502.3(075.8)
|v 3
|
| 700 |
|
1 |
|a Савичев
|b О. Г.
|c геолог
|c профессор Томского политехнического университета, доктор географических наук
|f 1967-
|g Олег Геннадьевич
|3 (RuTPU)RU\TPU\pers\25454
|9 11394
|
| 712 |
0 |
2 |
|a Национальный исследовательский Томский политехнический университет (ТПУ)
|c (2009- )
|3 (RuTPU)RU\TPU\col\15902
|
| 801 |
|
1 |
|a RU
|b 63413507
|c 20130419
|
| 801 |
|
2 |
|a RU
|b 63413507
|c 20200914
|g RCR
|
| 942 |
|
|
|c BK
|